Making development sustainable (Record no. 542785)

000 -LEADER
fixed length control field 00790cam a2200205 a 4500
020 ## - INTERNATIONAL STANDARD BOOK NUMBER
International Standard Book Number 0821329251
082 00 - DEWEY DECIMAL CLASSIFICATION NUMBER
Classification number 363.7
Author Mark MAK
-- D
245 00 - TITLE STATEMENT
Title Making development sustainable
Remainder of title from concepts to action /
Statement of responsibility, etc. Ismail Serageldin and Andrew Steer, editors ; with Michael Cernea ... [et al.].
260 ## - PUBLICATION, DISTRIBUTION, ETC.
Place of publication, distribution, etc. Washington, D.C. :
Name of publisher, distributor, etc. World Bank,
Date of publication, distribution, etc. c1994.
300 ## - PHYSICAL DESCRIPTION
Extent xv.270p.
Other physical details ill
Dimensions 24cm
526 ## - STUDY PROGRAM INFORMATION NOTE
Program name 0
Interest level 0
Reading level 0
Title point value 363_700000000000000_MAK
526 ## - STUDY PROGRAM INFORMATION NOTE
Program name 0
Interest level 0
Reading level 0
Title point value 363_700000000000000_MAK
650 00 - SUBJECT ADDED ENTRY--TOPICAL TERM
Topical term or geographic name entry element Economic development
General subdivision Environmental aspects.
9 (RLIN) 19946
650 00 - SUBJECT ADDED ENTRY--TOPICAL TERM
Topical term or geographic name entry element Sustainable development.
700 1# - ADDED ENTRY--PERSONAL NAME
Personal name Cernea, Michael M.
9 (RLIN) 36400
700 10 - ADDED ENTRY--PERSONAL NAME
Personal name Serageldin, Ismail,
9 (RLIN) 37652
700 10 - ADDED ENTRY--PERSONAL NAME
Personal name Steer, Andrew D.,
9 (RLIN) 38119
856 40 - ELECTRONIC LOCATION AND ACCESS
Uniform Resource Identifier <a href="http://www.columbia.edu/cgi-bin/cul/resolve?clio7694304">http://www.columbia.edu/cgi-bin/cul/resolve?clio7694304</a>
942 ## - ADDED ENTRY ELEMENTS (KOHA)
Source of classification or shelving scheme
Koha item type Book
Holdings
Withdrawn status Lost status Source of classification or shelving scheme Damaged status Not for loan Permanent Location Current Location Date acquired Total Checkouts Full call number Barcode Date last seen Price effective from Koha item type
          Military College of Engineering (MCE) Military College of Engineering (MCE) 02/18/2014   363.7 MAK MCE-42476 02/18/2014 02/18/2014 Book
          Military College of Engineering (MCE) Military College of Engineering (MCE) 02/18/2014   363.7 MAK MCE-42477 02/18/2014 02/18/2014 Book
© 2023 Central Library, National University of Sciences and Technology. All Rights Reserved.